Dans les 2 sens (click quiz) - Statistiques

Statistiques générales
  • Ce quiz a été pris 134 fois
  • Le résultat moyen est 10 sur 10
Statistiques - réponses
Hint Réponse % Correct
RECALER RELACER
99%
ECARTER RETRACE
99%
ANNOTAT TATONNA
99%
RETUBER REBUTER
98%
ENGAGER REGAGNE
98%
TRESSER RESSERT
98%
RELEVER REVELER
98%
TANISER RESINAT
97%
EDICULE ELUCIDE
96%
RESUCER RECUSER
94%
Aucun quiz correspondant
Distribution des résultats
% des personnes avec chaque résultat
Percentile par nombre de réponses
Votre historique - résultats
Vous n’avez pas pris ce quiz